LDR 00765naa#a2200181#i#450# 001 EN\\bibl\121675 005 20260705173001.7 011 ## _a2073-0454 100 ## _a20260226b2026####ek#y0engy0150####ca 102 ## _aRU 200 1# _aInvestigation of criminal cases involving the production, storage, transportation or sale of counterfeit money or securities: problem statement, proposals for improving practice _eJournal article 210 1# _aMoscow _cMoscow University of the Ministry of Internal Affairs of Russia named after V.Ya. Kikot _d2026 215 ## _a5 с. 608 ## _aJournal article _2local 675 ## _aПраво. Юридические науки. 34 _z 700 #1 _aErmakov _gSergey Vyacheslavovich 700 #1 _aMakarenko _gMadina Mussaevna 856 4# _amosumvd.editorum.ru _u